| 000 | 00379nam a22001337a 4500 | ||
|---|---|---|---|
| 005 | 20250612101645.0 | ||
| 008 | 250612b |||||||| |||| 00| 0 eng d | ||
| 050 |
_aBS450 _bTOR |
||
| 100 | _aTORREY R. A. | ||
| 245 | _aDIFFICULTIES AND ALLEGED ERRORS AND CONTRADICTIONS IN THE BIBLE | ||
| 260 |
_aNEW YORK _bFLEMING H. REVELL COMPANY _cc1907 |
||
| 300 | _a127p | ||
| 942 |
_2lcc _cBK _n0 |
||
| 999 |
_c6415 _d6415 |
||